000 00393pab a2200157 454500
008 180718b2010 xxu||||| |||| 00| 0 eng d
100 _aKaur, Ravinder
245 _aBengali bridal diaspora: marriage as a livelihood strategy
260 _c2010
300 _ap.16-18.
362 _a30 Jan
650 _aMarriage
773 _aEconomic and Political Weekly
908 _aN
909 _a85545
999 _c85545
_d85545